[Event "POLFINAL MISTRZOSTW POLSKI JUNIOROW 2016 - D15"]
[Site "Centrum Kongresow i Rekreacji Orle Gniazdo ul. Wrzosowa 28a, Szczyrk"]
[Date "1899-12-30"]
[Round "3.1"]
[White "Ossolinska, Matylda"]
[Black "Krzysztynska, Anna"]
[Result "1/2-1/2"]
[WhiteTitle "I"]
[BlackTitle "I"]
[WhiteElo "1565"]
[BlackElo "1541"]

1. e4 e5 2. Nf3 Nc6 3. d4 exd4 4. Nxd4 Bc5 5. Nb3 Bb6 6. Nc3 Nf6 7. Qe2 d6 8. Be3
Be6 9. O-O-O Qe7 10. f3 Nd7 11. g4 O-O-O 12. Kb1 Kb8 13. Qf2 f6 14. h3 Nce5 15.
Rg1 Rdf8 16. Nd5 Bxd5 17. Rxd5 g5 18. Bxb6 Nxb6 19. Rd2 Ng6 20. Nd4 Qe5 21. Nf5
h6 22. h4 Rh7 23. h5 Ne7 24. Nxe7 Rxe7 25. c3 Rfe8 26. Bd3 Qf4 27. Rgd1 Re5 28.
Bf1 Rc5 29. Rd4 Rce5 30. R4d2 Rc5 31. Rd4 a6 32. R4d2 Nd7 33. Kc2 Ne5 34. Bg2
Nc4 35. Re2 Rb5 36. b3 Nb6 37. Red2 Rc5 38. Qd4 Nd7 39. Kb2 Nb6 40. Qf2 Rb5 41.
Kc2 1/2-1/2

[Event "POLFINAL MISTRZOSTW POLSKI JUNIOROW 2016 - D15"]
[Site "Centrum Kongresow i Rekreacji Orle Gniazdo ul. Wrzosowa 28a, Szczyrk"]
[Date "1899-12-30"]
[Round "3.2"]
[White "Bilczewska, Olga"]
[Black "Trembowiecka-wysota, Aleksandra"]
[Result "1/2-1/2"]
[WhiteTitle "I"]
[BlackTitle "I"]
[WhiteElo "1625"]
[BlackElo "1491"]

1. e4 c5 2. c3 Nf6 3. e5 Nd5 4. d4 cxd4 5. cxd4 d6 6. Bc4 Nb6 7. Bb5+ Bd7 8. Bxd7+
Qxd7 9. Nf3 Nc6 10. O-O dxe5 11. dxe5 Qe6 12. Qe2 g6 13. Nc3 Bg7 14. Bf4 O-O 15.
Rfe1 Qg4 16. Qe4 f6 17. h3 Qe6 18. Rad1 fxe5 19. Bxe5 Rxf3 20. gxf3 Qxe5 21. Qg4
Qf6 22. Ne4 Qxb2 23. Qe6+ Kh8 24. Ng5 Qf6 25. Nf7+ Kg8 26. Nh6+ Kh8 27. Nf7+ Kg8
28. Nh6+ Kh8 29. Nf7+ Kg8 30. Nh6+ Kh8 1/2-1/2

[Event "POLFINAL MISTRZOSTW POLSKI JUNIOROW 2016 - D15"]
[Site "Centrum Kongresow i Rekreacji Orle Gniazdo ul. Wrzosowa 28a, Szczyrk"]
[Date "1899-12-30"]
[Round "3.3"]
[White "Kubiak, Aleksandra"]
[Black "Michalska, Aleksandra"]
[Result "1/2-1/2"]
[WhiteTitle "II"]
[BlackTitle "I"]
[WhiteElo "1167"]
[BlackElo "1568"]

1. f4 d5 2. Nf3 e6 3. e3 Nf6 4. b3 c5 5. Bb2 Nc6 6. Bb5 Bd7 7. Bxc6 Bxc6 8. O-O
b6 9. Ne5 Bb7 10. d3 Qc7 11. Nd2 Be7 12. Ndf3 h6 13. Qe1 Rg8 14. c4 O-O-O 15.
Nxf7 Rdf8 16. N3e5 Bd6 17. Nxd6+ Qxd6 18. Rd1 g5 19. f5 Nh7 20. fxe6 Qxe6 21.
Qg3 h5 22. d4 cxd4 23. Bxd4 h4 24. Qg4 Qxg4 25. Nxg4 dxc4 26. Rxf8+ Rxf8 27. Rc1
Kd7 28. Rxc4 Ba6 29. Rc1 Rf5 30. Ne5+ Kd6 31. h3 Nf8 32. Rc6+ Kd5 33. Rc7 Rf1+
34. Kh2 Ne6 35. Rxa7 Nxd4 36. exd4 Be2 37. Rf7 Ra1 38. Rf2 Rxa2 39. Nd3 Kxd4 40.
Nc1 Rc2 41. Nxe2+ Ke3 42. Rf6 Kxe2 43. Rxb6 Rc5 44. b4 Rf5 45. Rc6 Rf4 46. b5
Rb4 47. Rc5 g4 48. hxg4 Rxg4 49. Kh3 Rb4 50. g4 hxg3 51. Kxg3 Ke3 52. Kg2 Kd4
53. Rg5 Kc4 1/2-1/2

[Event "POLFINAL MISTRZOSTW POLSKI JUNIOROW 2016 - D15"]
[Site "Centrum Kongresow i Rekreacji Orle Gniazdo ul. Wrzosowa 28a, Szczyrk"]
[Date "1899-12-30"]
[Round "3.4"]
[White "Koruch, Maria"]
[Black "Hryn, Zofia"]
[Result "1-0"]
[WhiteTitle "I"]
[BlackTitle "I"]
[WhiteElo "1497"]
[BlackElo "1549"]

1. e4 c5 2. Nf3 e6 3. d4 cxd4 4. Nxd4 Nc6 5. Nxc6 bxc6 6. c4 Nf6 7. Bd3 Bc5 8.
e5 Ng8 9. Qg4 Bf8 10. O-O Ne7 11. Bg5 h6 12. Bh4 g5 13. Bg3 Qb6 14. Nc3 Bg7 15.
Ne4 Nf5 16. Kh1 Nxg3+ 17. fxg3 Bxe5 18. Qh5 Qxb2 19. Qxf7+ Kd8 20. Rab1 Qd4 21.
Rbd1 Kc7 22. c5 Rd8 23. Qe7 Rh8 24. Ba6 Bxa6 25. Rxd4 Bxd4 26. Qd6+ Kb7 27. Qxd7+
1-0

[Event "POLFINAL MISTRZOSTW POLSKI JUNIOROW 2016 - D15"]
[Site "Centrum Kongresow i Rekreacji Orle Gniazdo ul. Wrzosowa 28a, Szczyrk"]
[Date "1899-12-30"]
[Round "3.5"]
[White "Palka, Aleksandra"]
[Black "Gredka, Dominika"]
[Result "0-1"]
[WhiteTitle "II"]
[BlackTitle "I++"]
[WhiteElo "1108"]
[BlackElo "1629"]

1. e4 e5 2. Bc4 d6 3. Nf3 Be7 4. d3 Nf6 5. Be3 O-O 6. O-O c6 7. Bb3 b5 8. a4 Bb7
9. axb5 cxb5 10. c4 bxc4 11. Bxc4 Qc7 12. Nc3 a6 13. Rc1 Qd7 14. h3 Nc6 15. Re1
h6 16. b3 Bd8 17. Re2 Bc7 18. Ra2 Ne7 19. Rca1 d5 20. exd5 Nexd5 21. Nxd5 Nxd5
22. Bxd5 Qxd5 23. Qc2 Bd6 24. Qc4 Qxc4 25. dxc4 e4 26. Nd4 Be5 27. Rd1 f5 28.
Ra5 Rae8 29. g3 g5 30. Nc2 f4 31. gxf4 gxf4 32. Bb6 Re6 33. c5 Rg6+ 34. Kf1 Bc3
35. Ra2 f3 36. Bc7 Bc8 37. Bg3 Bxh3+ 38. Kg1 Be5 39. Kh2 Bxg3+ 40. fxg3 f2 41.
Ne3 f1=Q 42. Nxf1 Bxf1 43. Re1 Bd3 44. Rc1 Rc6 45. b4 e3 46. Re1 Rf2+ 47. Rxf2
exf2 48. Rd1 f1=Q 49. Rxf1 Bxf1 0-1

[Event "POLFINAL MISTRZOSTW POLSKI JUNIOROW 2016 - D15"]
[Site "Centrum Kongresow i Rekreacji Orle Gniazdo ul. Wrzosowa 28a, Szczyrk"]
[Date "1899-12-30"]
[Round "3.6"]
[White "Wasala, Wiktoria"]
[Black "Karlyk, Maria"]
[Result "0-1"]
[WhiteTitle "I"]
[BlackTitle "I"]
[WhiteElo "1370"]
[BlackElo "1517"]

1. e4 c5 2. Nc3 e6 3. f4 d5 4. e5 Nc6 5. Nf3 Be7 6. g3 Nh6 7. Bg2 O-O 8. O-O f6
9. Kh1 fxe5 10. fxe5 b6 11. d3 Nf5 12. Bd2 Bb7 13. Ne2 Qd7 14. c3 d4 15. Rc1 dxc3
16. Rxc3 Ncd4 17. Nf4 Rae8 18. Rc1 Bd8 19. Re1 Bc7 20. b4 Bc6 21. bxc5 bxc5 22.
Bc3 Bb6 23. Kg1 Nxf3+ 24. Bxf3 Bxf3 25. Qxf3 c4+ 26. Kh1 cxd3 27. Qxd3 Qxd3 28.
Nxd3 Ne3 29. Bb4 Rf5 30. Bc5 Bxc5 31. Rxc5 Nd5 32. Ra5 Re7 33. Kg2 h5 34. Rb1
Ne3+ 35. Kg1 Ref7 36. h4 Rf3 37. Kh2 Ng4+ 0-1

[Event "POLFINAL MISTRZOSTW POLSKI JUNIOROW 2016 - D15"]
[Site "Centrum Kongresow i Rekreacji Orle Gniazdo ul. Wrzosowa 28a, Szczyrk"]
[Date "1899-12-30"]
[Round "3.7"]
[White "Lascar, Maria Elena"]
[Black "Surpeta, Julia"]
[Result "1-0"]
[WhiteTitle "I+"]
[BlackTitle "I"]
[WhiteElo "1473"]
[BlackElo "1301"]

1. e4 c6 2. c4 d6 3. Nc3 e6 4. d4 Nd7 5. Be3 b6 6. g3 Bb7 7. Bg2 Ngf6 8. f4 e5
9. Nf3 Ng4 10. Bc1 f6 11. h3 Nh6 12. O-O Be7 13. Nh4 g6 14. fxe5 Ng8 15. e6 Nf8
16. d5 Qc7 17. Be3 O-O-O 18. Rc1 Kb8 19. b4 c5 20. Qa4 a6 21. Qb3 Ka7 22. a4 Rb8
23. Bf3 h5 24. Be2 g5 25. Nf5 Ng6 26. Ra1 Ne5 27. Nb5+ axb5 28. axb5+ Ba6 29.
Rxa6+ Kb7 30. Rfa1 Kc8 31. bxc5 dxc5 32. Ra7 Qd8 33. Qa4 Qf8 34. Qa6+ Kd8 35.
Rb7 Rc8 36. Qxb6+ Ke8 37. d6 Rd8 38. Bxc5 Bxd6 39. Nxd6+ Rxd6 40. Bxd6 Qh6 41.
Ra8# 1-0

[Event "POLFINAL MISTRZOSTW POLSKI JUNIOROW 2016 - D15"]
[Site "Centrum Kongresow i Rekreacji Orle Gniazdo ul. Wrzosowa 28a, Szczyrk"]
[Date "1899-12-30"]
[Round "3.8"]
[White "Majdecka, Nikola"]
[Black "Choinska, Debora"]
[Result "0-1"]
[WhiteTitle "III"]
[BlackTitle "I"]
[WhiteElo "1060"]
[BlackElo "1274"]

1. e4 d6 2. Nf3 e5 3. Nc3 Nf6 4. Bc4 Be7 5. d3 c6 6. Be3 O-O 7. h3 d5 8. exd5 cxd5
9. Bb3 d4 10. Ne4 dxe3 11. Nxf6+ Bxf6 12. fxe3 Bh4+ 13. Ke2 Bg3 14. Qf1 Kh8 15.
h4 Bg4 16. h5 f5 17. a3 e4 18. dxe4 fxe4 19. Rd1 Qe7 20. Kd2 exf3 21. gxf3 Bxf3
22. Qh3 Rd8+ 23. Kc1 Qxe3+ 24. Kb1 Bxd1 25. Ka2 Nc6 26. Qg2 Rd2 27. Qf1 Bf3 28.
Rh3 Bg2 29. Qb5 Nd4 30. Qa4 Bxh3 31. Qb4 Nxb3 32. cxb3 Qe2 33. Kb1 Bf5+ 34. Kc1
Qd1# 0-1

[Event "POLFINAL MISTRZOSTW POLSKI JUNIOROW 2016 - D15"]
[Site "Centrum Kongresow i Rekreacji Orle Gniazdo ul. Wrzosowa 28a, Szczyrk"]
[Date "1899-12-30"]
[Round "3.9"]
[White "Mytych, Wiktoria"]
[Black "Robakowska, Paulina"]
[Result "1/2-1/2"]
[WhiteTitle "I"]
[BlackTitle "I"]
[WhiteElo "1277"]
[BlackElo "1379"]

1. e4 c5 2. c3 d5 3. exd5 Qxd5 4. d4 Nc6 5. Be3 cxd4 6. cxd4 Nf6 7. Nc3 Qd8 8.
Bb5 Bd7 9. Nf3 a6 10. Be2 e6 11. a3 Rc8 12. d5 exd5 13. Nxd5 Nxd5 14. Qxd5 Be6
15. Qxd8+ Rxd8 16. Rc1 g6 17. Bxa6 bxa6 18. Rxc6 Bg7 19. Bc1 Ra8 20. Rd6 Ke7 21.
Rd3 Rhb8 22. b4 a5 23. Bf4 Rb7 24. O-O Kf8 25. Rfd1 axb4 26. axb4 Bf6 27. Bd6+
Kg8 28. h3 Rc8 29. Nd4 Bd7 30. Bc5 Ra8 31. Re1 Ra2 32. Rde3 h6 33. Rd3 Bh4 34.
Nf3 Bf6 35. Rd6 Be6 36. Rb6 Rxb6 37. Bxb6 Rb2 38. Bc5 Bc3 39. Re4 Rb1+ 40. Kh2
Kh7 41. Rh4 Bf6 42. Rf4 Bc3 43. Bf8 g5 44. Re4 Bd5 45. Re3 Bxb4 46. Bxb4 Rxb4
47. Ne5 Kg7 48. Nf3 1/2-1/2

[Event "POLFINAL MISTRZOSTW POLSKI JUNIOROW 2016 - D15"]
[Site "Centrum Kongresow i Rekreacji Orle Gniazdo ul. Wrzosowa 28a, Szczyrk"]
[Date "1899-12-30"]
[Round "3.10"]
[White "Jedras, Adrianna"]
[Black "Mykhaylyak, Wiktoria"]
[Result "0-1"]
[WhiteTitle "I"]
[BlackTitle "I"]
[WhiteElo "1244"]
[BlackElo "1197"]

1. e4 c5 2. Nf3 d6 3. d4 cxd4 4. Nxd4 e5 5. Bb5+ Bd7 6. Bxd7+ Nxd7 7. Nb3 Ngf6
8. Nc3 Be7 9. f3 O-O 10. Be3 Nb6 11. Qe2 Rc8 12. Bxb6 Qxb6 13. O-O-O a5 14. a4
Rc6 15. g4 Rfc8 16. Kb1 Bf8 17. h4 Nd7 18. Nd5 Qa7 19. Rc1 Nc5 20. Nxc5 Qxc5 21.
g5 Rb8 22. h5 Kh8 23. Qd2 Ra6 24. f4 b5 25. f5 bxa4 26. f6 a3 27. fxg7+ Bxg7 28.
b3 a4 29. b4 Qc4 30. h6 Bf8 31. Qd3 Rxb4+ 32. Nxb4 Qxb4+ 33. Ka1 Qb2# 0-1

[Event "POLFINAL MISTRZOSTW POLSKI JUNIOROW 2016 - D15"]
[Site "Centrum Kongresow i Rekreacji Orle Gniazdo ul. Wrzosowa 28a, Szczyrk"]
[Date "1899-12-30"]
[Round "3.11"]
[White "Nalezna, Gabriela"]
[Black "Lewicka, Natalia"]
[Result "1-0"]
[WhiteTitle "II+"]
[BlackTitle "II"]
[WhiteElo "1233"]
[BlackElo "1240"]

1. e4 e5 2. Nf3 d6 3. d4 Bg4 4. Be2 Nd7 5. Nc3 Ngf6 6. O-O Qe7 7. h3 Bh5 8. Be3
O-O-O 9. d5 Bxf3 10. Bxf3 Nb6 11. a4 Kb8 12. Qe2 a6 13. b4 Qd7 14. a5 Nc8 15.
b5 axb5 16. Nxb5 c6 17. Nc3 Ne8 18. a6 b6 19. Rfb1 c5 20. Qc4 Qa7 21. Qb3 Nc7
22. Na4 Na8 23. Bg4 Kc7 24. Qb5 Ne7 25. h4 h5 26. Bh3 f6 27. Rb2 g6 28. Be6 Bh6
29. Rab1 Bxe3 30. fxe3 g5 31. hxg5 fxg5 32. Nxb6 Nxb6 33. Qxb6+ Qxb6 34. Rxb6
Rb8 35. Rb7+ Rxb7 36. Rxb7+ Kd8 37. Rb8+ Kc7 38. Rxh8 Kb6 39. a7 Kxa7 40. Rh7
Kb6 41. Rxe7 Kb5 42. Rd7 Kc4 43. Rxd6 Kc3 44. Rc6 Kxc2 45. d6 Kd3 46. d7 Kxe4
47. Rxc5 Kxe3 48. Rxe5+ Kf4 49. Rf5+ Kg4 50. d8=Q 1-0

[Event "POLFINAL MISTRZOSTW POLSKI JUNIOROW 2016 - D15"]
[Site "Centrum Kongresow i Rekreacji Orle Gniazdo ul. Wrzosowa 28a, Szczyrk"]
[Date "1899-12-30"]
[Round "4.1"]
[White "Krzysztynska, Anna"]
[Black "Koruch, Maria"]
[Result "0-1"]
[WhiteTitle "I"]
[BlackTitle "I"]
[WhiteElo "1541"]
[BlackElo "1497"]

1. e4 c5 2. Nf3 Nc6 3. d4 cxd4 4. Nxd4 Nf6 5. Nc3 e5 6. Ndb5 d6 7. Nd5 Nxd5 8.
exd5 Nb8 9. c4 a6 10. Nc3 Be7 11. Be2 O-O 12. O-O f5 13. f4 exf4 14. Bxf4 Qb6+
15. Kh1 Nd7 16. Rb1 Bf6 17. Qc2 Ne5 18. b4 Bd7 19. Nd1 Rac8 20. Ne3 g6 21. Qb3
Rfe8 22. Nc2 Nf7 23. Rfe1 Bd4 24. Qd3 Re4 25. Bg3 Be5 26. a3 Rexc4 27. Qxc4 Rxc4
28. Bxc4 f4 29. Bh4 g5 30. Rxe5 Nxe5 31. Bxg5 Nxc4 32. Rf1 Ne5 33. Bxf4 Ng6 34.
Bd2 Qb5 35. Rc1 Qd3 36. Bh6 Qc3 37. Ne1 Qxa3 38. Rb1 a5 39. bxa5 Qxa5 40. Rd1
b5 41. Nf3 Bg4 42. Rc1 Bxf3 43. gxf3 b4 44. Rd1 b3 45. Bc1 Qc3 46. Rf1 b2 47.
Bxb2 Qxb2 48. Kg1 Nf4 49. Rf2 Nh3+ 50. Kh1 Qxf2 51. f4 Qg1# 0-1

[Event "POLFINAL MISTRZOSTW POLSKI JUNIOROW 2016 - D15"]
[Site "Centrum Kongresow i Rekreacji Orle Gniazdo ul. Wrzosowa 28a, Szczyrk"]
[Date "1899-12-30"]
[Round "4.2"]
[White "Gredka, Dominika"]
[Black "Ossolinska, Matylda"]
[Result "1/2-1/2"]
[WhiteTitle "I++"]
[BlackTitle "I"]
[WhiteElo "1629"]
[BlackElo "1565"]

1. e4 e6 2. d4 d5 3. Nd2 dxe4 4. Nxe4 Nd7 5. Nf3 Ngf6 6. Nxf6+ Nxf6 7. Bd3 c5 8.
dxc5 Bxc5 9. O-O Qc7 10. h3 O-O 11. b3 b6 12. Bb2 Bb7 13. Be5 Qc6 14. a3 Be7 15.
c4 Nd7 16. Bg3 Bf6 17. Rb1 Nc5 18. Bc2 Rfd8 19. Qe1 Ne4 20. Rd1 Nxg3 21. fxg3
Qc5+ 22. Kh2 Qxa3 23. Qe2 Qc5 24. Nd2 Qe7 25. Ne4 Bxe4 26. Bxe4 Rxd1 27. Rxd1
Rd8 28. Rf1 h6 29. Bb1 g6 30. Qf3 Bg7 31. Be4 Rf8 32. Rf2 Bd4 33. Rd2 Bc5 34.
Ra2 a5 35. Ra1 Qg5 36. Re1 h5 37. h4 Qd2 38. Rd1 Qh6 39. Bb1 Qg7 40. Qf4 e5 41.
Qe4 Bd4 42. Rf1 Kh8 1/2-1/2

[Event "POLFINAL MISTRZOSTW POLSKI JUNIOROW 2016 - D15"]
[Site "Centrum Kongresow i Rekreacji Orle Gniazdo ul. Wrzosowa 28a, Szczyrk"]
[Date "1899-12-30"]
[Round "4.3"]
[White "Choinska, Debora"]
[Black "Bilczewska, Olga"]
[Result "1/2-1/2"]
[WhiteTitle "I"]
[BlackTitle "I"]
[WhiteElo "1274"]
[BlackElo "1625"]

1. e4 c5 2. Nf3 Nc6 3. d4 cxd4 4. Nxd4 Nf6 5. Nc3 e6 6. Nb3 Bb4 7. Bd3 d5 8. exd5
Nxd5 9. Bd2 Bxc3 10. bxc3 O-O 11. O-O Qf6 12. c4 Nde7 13. Qh5 h6 14. g4 Ne5 15.
f4 Nxd3 16. cxd3 Ng6 17. Rac1 b6 18. Bc3 Qh4 19. Qxh4 Nxh4 20. Be1 Ng6 21. d4
Ne7 22. Bb4 Re8 23. Bxe7 Rxe7 24. Rfe1 Rc7 25. c5 Bb7 26. Kf2 Bd5 27. Ke3 Rac8
28. cxb6 axb6 29. Rxc7 Rxc7 30. Rc1 Rxc1 31. Nxc1 Kf8 32. a3 Ke7 33. Nd3 Kd6 34.
Nb4 f6 35. h4 g5 36. hxg5 hxg5 37. fxg5 fxg5 38. Kf2 Bb7 39. Nd3 Kd5 40. Ke3 Kc4
41. Ne5+ Kb3 42. Nf7 Kxa3 43. Nxg5 b5 44. Nxe6 b4 45. Nc5 b3 46. Nxb3 Kxb3 47.
g5 Bd5 48. g6 Kc4 49. g7 1/2-1/2

[Event "POLFINAL MISTRZOSTW POLSKI JUNIOROW 2016 - D15"]
[Site "Centrum Kongresow i Rekreacji Orle Gniazdo ul. Wrzosowa 28a, Szczyrk"]
[Date "1899-12-30"]
[Round "4.4"]
[White "Michalska, Aleksandra"]
[Black "Lascar, Maria Elena"]
[Result "0-1"]
[WhiteTitle "I"]
[BlackTitle "I+"]
[WhiteElo "1568"]
[BlackElo "1473"]

1. e4 c5 2. c4 Nc6 3. Nc3 d6 4. g3 g6 5. Bg2 Bg7 6. Nge2 e6 7. d3 Nge7 8. O-O O-O
9. Bg5 h6 10. Be3 Nd4 11. Rb1 Nec6 12. a3 b6 13. b4 Bb7 14. f4 Qd7 15. Qd2 Kh7
16. Nc1 Rab8 17. N3e2 Nxe2+ 18. Nxe2 Nd4 19. Nxd4 cxd4 20. Bf2 e5 21. f5 Qe7 22.
g4 gxf5 23. gxf5 Bf6 24. Qe2 Rg8 25. Bg3 Bg5 26. Qh5 f6 27. Rf3 Bc6 28. Kf1 Be8
29. Qh3 Qg7 30. Rb2 h5 31. Bh4 Qh6 32. Rb1 Rb7 33. Rg3 Rbg7 34. Bf3 Bf4 35. Rxg7+
Qxg7 36. Ke2 Qh6 37. b5 Bc1 38. Kf1 Qe3 39. Bg2 Qd2 40. Bxf6 Qd1+ 41. Kf2 Be3+
42. Qxe3 dxe3+ 43. Kxe3 Qxb1 44. Bf3 Qe1+ 0-1

[Event "POLFINAL MISTRZOSTW POLSKI JUNIOROW 2016 - D15"]
[Site "Centrum Kongresow i Rekreacji Orle Gniazdo ul. Wrzosowa 28a, Szczyrk"]
[Date "1899-12-30"]
[Round "4.5"]
[White "Karlyk, Maria"]
[Black "Kubiak, Aleksandra"]
[Result "1/2-1/2"]
[WhiteTitle "I"]
[BlackTitle "II"]
[WhiteElo "1517"]
[BlackElo "1167"]

1. e4 a6 2. Nf3 b5 3. d4 Bb7 4. Bd3 Nf6 5. Qe2 e6 6. Bg5 Be7 7. Bxf6 Bxf6 8. Nbd2
Be7 9. O-O c5 10. c3 cxd4 11. cxd4 Nc6 12. a3 Qb6 13. Nb3 Rc8 14. Rac1 O-O 15.
Rfd1 Rfe8 16. Bb1 Na5 17. Nc5 Bxc5 18. dxc5 Rxc5 19. Rxc5 Qxc5 20. b4 Qc4 21.
Bd3 Qb3 22. bxa5 Qxa3 23. Qd2 Rc8 24. Bb1 Bc6 25. Ne5 Qe7 26. h3 f6 27. Nxc6 Rxc6
28. Ba2 d6 29. Rc1 Rc5 30. f4 Kf8 31. Rd1 Rc6 32. Rc1 Rc5 33. Rd1 Rc6 34. Rc1
Rc5 35. Rd1 Rc6 36. Rc1 Rc5 37. Rd1 Rc6 38. Rc1 Rc5 39. Rd1 Rc6 40. Rc1 Rc5 41.
Rd1 1/2-1/2

[Event "POLFINAL MISTRZOSTW POLSKI JUNIOROW 2016 - D15"]
[Site "Centrum Kongresow i Rekreacji Orle Gniazdo ul. Wrzosowa 28a, Szczyrk"]
[Date "1899-12-30"]
[Round "4.6"]
[White "Trembowiecka-wysota, Aleksandra"]
[Black "Mykhaylyak, Wiktoria"]
[Result "1/2-1/2"]
[WhiteTitle "I"]
[BlackTitle "I"]
[WhiteElo "1491"]
[BlackElo "1197"]

1. e4 c5 2. Nf3 d6 3. d4 cxd4 4. Nxd4 e5 5. Nb5 a6 6. N5a3 g6 7. Nc3 Bg7 8. Bd3
Ne7 9. O-O O-O 10. Nc4 b5 11. Ne3 Bb7 12. Ng4 Nd7 13. Bh6 Bxh6 14. Nxh6+ Kg7 15.
Ng4 Nc5 16. Qd2 Ng8 17. f4 Qh4 18. Be2 Rad8 19. Qe3 b4 20. Nd5 Bxd5 21. exd5 exf4
22. Qd4+ f6 23. Rxf4 Qg5 24. g3 Ne7 25. Bf3 Nf5 26. Qxb4 Rb8 27. Qc3 h5 28. h4
Nxh4 29. Be2 hxg4 30. Rxg4 Qh5 31. gxh4 Rbe8 32. Bf3 Rf7 33. Re1 Rxe1+ 34. Qxe1
Qf5 35. Qe2 Qc8 36. Qg2 Qf5 37. b4 Nd7 38. Be4 Qe5 39. Rxg6+ Kf8 40. h5 Qxh5 41.
Rg8+ Ke7 42. Bg6 Qd1+ 43. Kh2 Rf8 44. Rg7+ Kd8 45. Bf5 1/2-1/2

[Event "POLFINAL MISTRZOSTW POLSKI JUNIOROW 2016 - D15"]
[Site "Centrum Kongresow i Rekreacji Orle Gniazdo ul. Wrzosowa 28a, Szczyrk"]
[Date "1899-12-30"]
[Round "4.7"]
[White "Hryn, Zofia"]
[Black "Wasala, Wiktoria"]
[Result "1-0"]
[WhiteTitle "I"]
[BlackTitle "I"]
[WhiteElo "1549"]
[BlackElo "1370"]

1. e4 Nf6 2. e5 Nd5 3. c4 Nb6 4. d4 d6 5. exd6 exd6 6. Nc3 Be7 7. Be3 O-O 8. Nf3
Bf5 9. Be2 N8d7 10. O-O Nf6 11. b3 Re8 12. Rc1 c6 13. Nh4 Bg6 14. Nxg6 hxg6 15.
Qc2 d5 16. c5 Nbd7 17. h3 b6 18. cxb6 axb6 19. Na4 Rc8 20. Ba6 Ra8 21. Bb7 Rb8
22. Bxc6 Rc8 23. Qb2 Bd6 24. Bg5 Rf8 25. Bxd7 Rxc1 26. Rxc1 Qxd7 27. Nxb6 Qe6
28. Bxf6 gxf6 29. Na4 Re8 30. Qd2 g5 31. Nc5 Qe7 32. Qd1 Bf4 33. Rb1 Bd6 34. b4
f5 35. Kf1 g4 36. Qd3 gxh3 37. gxh3 Qg5 38. Qf3 Kh8 39. Qxd5 Rg8 40. Ke2 Qh5+
41. Kd3 Qg6 42. Kc3 Be7 43. Re1 Rd8 44. Qf3 Bf6 45. Rd1 Qg7 46. Qe3 Bg5 47. Qg3
Qf6 48. Rd3 Bh6 49. Qe5 1-0

[Event "POLFINAL MISTRZOSTW POLSKI JUNIOROW 2016 - D15"]
[Site "Centrum Kongresow i Rekreacji Orle Gniazdo ul. Wrzosowa 28a, Szczyrk"]
[Date "1899-12-30"]
[Round "4.8"]
[White "Robakowska, Paulina"]
[Black "Nalezna, Gabriela"]
[Result "1/2-1/2"]
[WhiteTitle "I"]
[BlackTitle "II+"]
[WhiteElo "1379"]
[BlackElo "1233"]

1. Nf3 c6 2. g3 d5 3. Bg2 Nf6 4. c4 Bg4 5. cxd5 cxd5 6. O-O Bxf3 7. Bxf3 e6 8.
d4 Bd6 9. Nc3 O-O 10. Nb5 Be7 11. e3 a6 12. Nc3 Nc6 13. Bd2 Rc8 14. Rc1 h6 15.
Na4 Qc7 16. Qb3 Rb8 17. Nc5 Nd7 18. Nxd7 Qxd7 19. Qb6 Rfc8 20. Rc2 Bd8 21. Qb3
Be7 22. Rfc1 Rc7 23. Qb6 Bd8 24. Be2 Rcc8 25. Qb3 Rc7 26. Qb6 Rcc8 27. Qb3 Rc7
28. Rc5 Be7 29. R5c2 Bd8 30. Qa4 Rcc8 31. b4 Ra8 32. b5 axb5 33. Qxb5 Be7 34.
Rb1 Rcb8 35. Rcb2 Qc7 36. Rc2 Qd7 37. Bd1 Bd6 38. Rcb2 Qc7 39. Rc2 Qd7 40. a4
Kh7 41. Rcb2 Qc7 42. Qb6 Qd7 43. Qb5 Qc7 44. Qd3+ g6 45. Rb6 Ra7 46. Qb3 Qd7 47.
Qb5 Qc7 48. a5 Qc8 49. Qa4 Bc7 50. R6b5 Bd6 51. Rc1 Ra6 52. Be2 Ra7 53. Qb3 Qd7
54. Qb2 Kg7 55. Ra1 Qc7 56. Rb6 Qc8 57. Kg2 Kh7 58. Rb5 Kg7 59. Rb6 Kh7 60. Ra2
Kg7 1/2-1/2

[Event "POLFINAL MISTRZOSTW POLSKI JUNIOROW 2016 - D15"]
[Site "Centrum Kongresow i Rekreacji Orle Gniazdo ul. Wrzosowa 28a, Szczyrk"]
[Date "1899-12-30"]
[Round "4.9"]
[White "Surpeta, Julia"]
[Black "Palka, Aleksandra"]
[Result "1/2-1/2"]
[WhiteTitle "I"]
[BlackTitle "II"]
[WhiteElo "1301"]
[BlackElo "1108"]

1. d4 e6 2. e4 d5 3. e5 c5 4. c3 Nc6 5. Nf3 Qb6 6. a3 Bd7 7. Be2 Rc8 8. O-O c4
9. Nbd2 Qd8 10. b3 b5 11. h3 Nge7 12. Nh2 Ng6 13. f4 Nce7 14. Ndf3 Nf5 15. bxc4
bxc4 16. Qe1 Be7 17. g3 h5 18. g4 hxg4 19. hxg4 Nfh4 20. Be3 Rb8 21. Ng5 Bxg5
22. fxg5 Ba4 23. Qf2 Qe7 24. Rab1 Rb7 25. Rb4 Bc6 26. Rfb1 Qc7 27. Nf3 Nxf3+ 28.
Bxf3 Ke7 29. Rf1 Rf8 30. Be2 a5 31. Rxb7 Qxb7 32. Bd1 a4 33. Bc2 Qc8 34. Bf4 Qa8
35. Bg3 Qc8 36. Bb1 Qb8 37. Qc2 Qa8 38. Qc1 Qc8 39. Bc2 Qc7 40. Qd1 Qa7 41. Qb1
Qb8 42. Bxg6 Qxb1 43. Bxb1 g6 44. Bc2 Rb8 45. Rb1 Rxb1+ 46. Bxb1 Kd7 47. Kf2 Kc7
48. Ba2 Bb5 49. Ke3 Kd7 50. Bb1 Kc7 51. Kf4 Kd7 52. Bc2 Kc7 53. Bd1 Kd7 54. Ke3
Ke7 55. Bf3 Bc6 56. Bh4 Kd7 57. Bd1 Bb5 58. Bc2 Kc7 59. Bg3 Kd7 60. Be4 dxe4 1/2-1/2

[Event "POLFINAL MISTRZOSTW POLSKI JUNIOROW 2016 - D15"]
[Site "Centrum Kongresow i Rekreacji Orle Gniazdo ul. Wrzosowa 28a, Szczyrk"]
[Date "1899-12-30"]
[Round "4.10"]
[White "Majdecka, Nikola"]
[Black "Mytych, Wiktoria"]
[Result "0-1"]
[WhiteTitle "III"]
[BlackTitle "I"]
[WhiteElo "1060"]
[BlackElo "1277"]

1. c4 e5 2. Nc3 Nf6 3. Nf3 d6 4. e4 Bg4 5. Be2 Nc6 6. h3 Bh5 7. d3 h6 8. Bd2 Nd7
9. O-O Nc5 10. Ne1 Bxe2 11. Nxe2 Be7 12. Bc3 Ne6 13. d4 exd4 14. Nxd4 Ncxd4 15.
Bxd4 Bf6 16. Be3 O-O 17. Rb1 Bg5 18. f4 Bf6 19. Qg4 Bd4 20. Bxd4 Nxd4 21. Rd1
Qf6 22. e5 dxe5 23. fxe5 Qxe5 24. Nf3 Nxf3+ 25. Rxf3 Qxb2 26. Rdf1 Rad8 27. R1f2
Qd4 28. Qh5 Qxc4 29. Rg3 Qe6 30. Rf4 Rd5 31. Qf3 Rg5 32. Rxg5 hxg5 33. Rg4 f6
34. h4 gxh4 35. Rxh4 Qe1+ 36. Qf1 Qxh4 37. Qb1 Qd4+ 38. Kf1 Qb6 39. Qc2 Qb5+ 40.
Kf2 Rd8 41. Qe4 Qb2+ 42. Kg1 Qd4+ 43. Qxd4 Rxd4 44. Kh2 c5 45. Kh3 c4 46. g4 c3
47. Kh4 c2 48. Kh5 c1=Q 49. a4 Qg5# 0-1

[Event "POLFINAL MISTRZOSTW POLSKI JUNIOROW 2016 - D15"]
[Site "Centrum Kongresow i Rekreacji Orle Gniazdo ul. Wrzosowa 28a, Szczyrk"]
[Date "1899-12-30"]
[Round "5.1"]
[White "Koruch, Maria"]
[Black "Ossolinska, Matylda"]
[Result "1/2-1/2"]
[WhiteTitle "I"]
[BlackTitle "I"]
[WhiteElo "1497"]
[BlackElo "1565"]

1. e4 e6 2. d4 d5 3. Nc3 dxe4 4. Nxe4 Nd7 5. Bd3 Ngf6 6. Qe2 Be7 7. Nf3 O-O 8.
O-O b6 9. Nfg5 Bb7 10. Rd1 h6 11. Nxf6+ Nxf6 12. Ne4 Nxe4 13. Bxe4 Bxe4 14. Qxe4
Qd5 15. Qxd5 exd5 16. Bf4 c6 17. Re1 Bf6 18. Be5 Bxe5 19. Rxe5 Rfe8 20. Rae1 Kf8
21. Kf1 Rxe5 22. Rxe5 Re8 23. Rxe8+ Kxe8 24. Ke2 Ke7 25. Ke3 Ke6 26. Kf4 Kf6 27.
Kg4 Kg6 28. Kf4 Kf6 29. Kg4 Kg6 30. Kf4 Kf6 1/2-1/2

[Event "POLFINAL MISTRZOSTW POLSKI JUNIOROW 2016 - D15"]
[Site "Centrum Kongresow i Rekreacji Orle Gniazdo ul. Wrzosowa 28a, Szczyrk"]
[Date "1899-12-30"]
[Round "5.2"]
[White "Lascar, Maria Elena"]
[Black "Hryn, Zofia"]
[Result "1/2-1/2"]
[WhiteTitle "I+"]
[BlackTitle "I"]
[WhiteElo "1473"]
[BlackElo "1549"]

1. e4 g6 2. Nf3 Bg7 3. d4 d6 4. Nc3 c6 5. g3 Nd7 6. Bg2 Qc7 7. O-O Ngf6 8. h3 O-O
9. Be3 b5 10. Nh4 Bb7 11. f4 e5 12. dxe5 dxe5 13. Qe1 b4 14. Nb1 exf4 15. Bxf4
Qb6+ 16. Be3 c5 17. Nd2 Rfe8 18. Qf2 Ba6 19. Rfe1 Bb7 20. Rf1 Rac8 21. g4 Qe6
22. a3 a5 23. axb4 axb4 24. Ra5 Qe7 25. b3 Rf8 26. e5 Nd5 27. Bxd5 Bxd5 28. Ndf3
Qd8 29. Ra7 Rc7 30. Rxc7 Qxc7 31. Rd1 Be6 32. Ng2 Rc8 33. Kh1 c4 34. bxc4 Qxc4
35. Nf4 Nxe5 36. Nxe6 Qxe6 37. Ng5 Qc6+ 38. Kh2 Qxc2 39. Rd8+ Bf8 40. Rxc8 Qxc8
41. Bd4 Qc7 42. Kg2 Qb7+ 43. Kh2 Bg7 44. Qf4 Qc7 45. Kg2 Qc2+ 46. Kg3 Qd3+ 47.
Kf2 Qc2+ 48. Kg3 Qc7 49. Bb2 Qe7 50. Qe3 f6 51. Qb3+ Kh8 52. Ne4 Qb7 53. Nd6 Qb8
54. Bxe5 fxe5 55. Nf7+ Kg8 56. Nh6+ Kh8 57. Nf7+ Kg8 58. Nh6+ Kh8 59. Nf7+ Kg8
1/2-1/2